| 000 | 01534nam a22002177a 4500 | ||
|---|---|---|---|
| 003 | AUA.1 | ||
| 005 | 20180309122643.0 | ||
| 008 | 180309b xxu||||| |||| 00| 0 eng d | ||
| 020 | _a0805411569 | ||
| 040 | _cJTL | ||
| 050 |
_aBT50 _b.W45 1994 |
||
| 100 |
_4White, James Emery, _a1961- |
||
| 245 |
_aWhat is truth? : _ba comparative study of the positions of Cornelius Van Til, Francis Schaeffer, Carl F.H. Henry, Donald Bloesch, Millard Erickson / _cJames Emery White. |
||
| 260 |
_aNashville, Tenn. : _bBroadman & Holman Publishers, _cc1994. |
||
| 300 |
_aviii, 240 p. : _b _c23 cm. |
||
| 504 | _aIncludes bibliographical footnotes . | ||
| 505 | _a Introduction. -- 1. The question of truth. -- 2. American evangelicalism. -- 3. Evangelicals and the question of truth. -- 4. Truth and presupposition: Cornelius Van Til. -- 5. Truth and apologetic: Francis A. Schaeffer. -- 6. Truth and reason: Carl F.H. Henry. -- 7. Truth and God's truthfulness: Millard J. Erickson. -- 8. Truth and theology: Donald G. Bloesch. -- 9. Summary of the concept of truth in contemporary American evangelical theology. -- 10. Non-evangelical reactions to the evangelical concept of truth. -- 11. Defense of the evangelical concept of truth. -- 12. Proposals for the evangelical concept of truth. -- Conclusion. -- | ||
| 650 |
_aTruth _vReligious aspects _xChristianity _yHistory of doctrines _z20th century. |
||
| 650 |
_aEvangelicalism _vUnited States _xHistory _y20th century. |
||
| 942 |
_2lcc _cBOOK _hBT 50 _i.W45 1994 |
||
| 999 |
_c19610 _d19610 |
||